000 00347nam a22001337a 4500
020 _a978-93-5147-238-4
041 _aENG
100 _aSSC
245 _aCivil Engineering Topicwise Previous Solved Papers Junior Engineer
260 _aNew Delhi
_bMade Easy PUB
_c2018
300 _a274
650 _aCompetitive Exam
856 _uCompetitive Exam
999 _c161
_d161